[Event "WYCC Girls 12"]
[Site "Porto Carras"]
[Date "2015.10.31"]
[Round "6.10"]
[White "Bai, Xue"]
[Black "Srdanovic, Jovana"]
[Result "1-0"]
[BlackElo "1737"]
[WhiteElo "1639"]
[LiveChessVersion "1.4.6"]

1. e4 {[%clk 1:30:57]} c5 {[%clk 1:30:31]} 2. Nf3 {[%clk 1:31:18]} a6
{[%clk 1:30:53]} 3. d4 {[%clk 1:31:37]} cxd4 {[%clk 1:31:13]} 4. Nxd4
{[%clk 1:32:03]} Nf6 {[%clk 1:31:35]} 5. Nc3 {[%clk 1:32:26]} e5 {[%clk 1:31:42]}
6. Nf3 {[%clk 1:28:41]} Bb4 {[%clk 1:30:12]} 7. Qd3 {[%clk 1:25:05]} d5
{[%clk 1:10:31]} 8. Bd2 {[%clk 1:10:49]} d4 {[%clk 0:38:44]} 9. Ne2
{[%clk 0:48:50]} Bxd2+ {[%clk 0:38:17]} 10. Nxd2 {[%clk 0:49:13]} Nc6
{[%clk 0:38:01]} 11. Ng3 {[%clk 0:46:29]} Be6 {[%clk 0:38:04]} 12. Nf3
{[%clk 0:45:39]} Rc8 {[%clk 0:37:14]} 13. Qd2 {[%clk 0:44:55]} Qb6
{[%clk 0:35:04]} 14. b3 {[%clk 0:43:44]} Nb4 {[%clk 0:28:28]} 15. Bd3
{[%clk 0:43:11]} Qc5 {[%clk 0:28:02]} 16. O-O {[%clk 0:43:21]} Nc6
{[%clk 0:23:44]} 17. Rfc1 {[%clk 0:41:21]} Qd6 {[%clk 0:23:31]} 18. Nh4
{[%clk 0:40:33]} g6 {[%clk 0:19:27]} 19. Nf3 {[%clk 0:38:26]} Bg4
{[%clk 0:18:25]} 20. Qe2 {[%clk 0:36:15]} Nd8 {[%clk 0:17:57]} 21. h3
{[%clk 0:36:09]} Bd7 {[%clk 0:18:09]} 22. Qd2 {[%clk 0:33:55]} Ne6
{[%clk 0:18:17]} 23. Bc4 {[%clk 0:31:04]} h6 {[%clk 0:16:00]} 24. c3
{[%clk 0:30:19]} Bc6 {[%clk 0:15:32]} 25. Bxe6 {[%clk 0:29:34]} fxe6
{[%clk 0:15:54]} 26. cxd4 {[%clk 0:29:37]} Rd8 {[%clk 0:16:10]} 27. Rd1
{[%clk 0:27:18]} Nxe4 {[%clk 0:13:57]} 28. Nxe4 {[%clk 0:27:09]} Bxe4
{[%clk 0:14:20]} 29. dxe5 {[%clk 0:27:31]} Qxd2 {[%clk 0:13:53]} 30. Rxd2
{[%clk 0:27:43]} Bxf3 {[%clk 0:14:08]} 31. Rxd8+ {[%clk 0:28:07]} Kxd8
{[%clk 0:14:35]} 32. gxf3 {[%clk 0:28:28]} Rf8 {[%clk 0:14:51]} 33. Rd1+
{[%clk 0:28:25]} Ke7 {[%clk 0:15:13]} 34. Kg2 {[%clk 0:27:42]} Rf5
{[%clk 0:15:36]} 35. Re1 {[%clk 0:28:07]} Kd7 {[%clk 0:15:25]} 36. Kg3
{[%clk 0:28:27]} g5 {[%clk 0:15:16]} 37. Re3 {[%clk 0:25:30]} Kc6
{[%clk 0:13:55]} 38. Rc3+ {[%clk 0:25:01]} Kb6 {[%clk 0:13:39]} 39. a3
{[%clk 0:24:31]} Rxe5 {[%clk 0:13:42]} 40. Re3 {[%clk 0:54:40]} Rxe3
{[%clk 0:36:18]} 41. fxe3 {[%clk 0:54:55]} Kc5 {[%clk 0:19:00]} 42. Kg4
{[%clk 0:55:05]} Kd5 {[%clk 0:19:06]} 43. Kh5 {[%clk 0:55:14]} Ke5
{[%clk 0:17:44]} 44. Kxh6 {[%clk 0:55:40]} Kf5 {[%clk 0:16:44]} 45. Kg7
{[%clk 0:56:00]} e5 {[%clk 0:16:45]} 46. Kh6 {[%clk 0:56:15]} b6 {[%clk 0:16:45]}
47. b4 {[%clk 0:56:30]} b5 {[%clk 0:13:37]} 48. Kh5 {[%clk 0:56:48]} e4
{[%clk 0:13:35]} 49. fxe4+ {[%clk 0:57:07]} Kxe4 {[%clk 0:14:00]} 50. Kxg5
{[%clk 0:57:31]} Kxe3 {[%clk 0:14:26]} 51. h4 {[%clk 0:57:57]} Kd3
{[%clk 0:14:44]} 52. h5 {[%clk 0:58:22]} Kc3 {[%clk 0:15:11]} 53. h6
{[%clk 0:58:47]} Kb3 {[%clk 0:15:34]} 54. h7 {[%clk 0:59:10]} Kxa3
{[%clk 0:15:56]} 55. h8=Q {[%clk 0:59:33]} Kxb4 {[%clk 0:16:13]} 56. Qb2+
{[%clk 0:59:57]} Kc4 {[%clk 0:14:03]} 57. Qa2+ {[%clk 1:00:18]} Kc3
{[%clk 0:14:30]} 58. Qxa6 {[%clk 1:00:40]} b4 {[%clk 0:14:43]} 59. Qa2
{[%clk 1:01:04]} 1-0

[Event "WYCC Girls 12"]
[Site "Porto Carras"]
[Date "2015.10.31"]
[Round "6.11"]
[White "Zhao, Chenyi"]
[Black "Bach, Ngoc Thuy Duong"]
[Result "0-1"]
[BlackElo "1707"]
[WhiteElo "1544"]
[LiveChessVersion "1.4.6"]

1. e4 {[%clk 1:30:57]} c5 {[%clk 1:30:29]} 2. Nf3 {[%clk 1:31:24]} d6
{[%clk 1:30:45]} 3. d4 {[%clk 1:31:50]} cxd4 {[%clk 1:30:55]} 4. Nxd4
{[%clk 1:32:15]} Nf6 {[%clk 1:31:03]} 5. Nc3 {[%clk 1:32:39]} a6 {[%clk 1:30:56]}
6. Be2 {[%clk 1:33:00]} e6 {[%clk 1:30:24]} 7. Be3 {[%clk 1:33:22]} Be7
{[%clk 1:30:32]} 8. g4 {[%clk 1:33:38]} Qc7 {[%clk 1:29:16]} 9. g5
{[%clk 1:33:45]} Nfd7 {[%clk 1:28:01]} 10. Qd2 {[%clk 1:33:50]} b5
{[%clk 1:25:32]} 11. a3 {[%clk 1:33:08]} Nc6 {[%clk 1:13:48]} 12. O-O-O
{[%clk 1:28:30]} Rb8 {[%clk 1:07:35]} 13. Nxc6 {[%clk 1:28:38]} Qxc6
{[%clk 1:07:59]} 14. h4 {[%clk 1:23:10]} b4 {[%clk 0:49:54]} 15. axb4
{[%clk 1:23:06]} Rxb4 {[%clk 0:49:52]} 16. h5 {[%clk 1:22:59]} Nc5
{[%clk 0:47:15]} 17. f3 {[%clk 1:10:52]} Rb8 {[%clk 0:37:32]} 18. g6
{[%clk 0:54:18]} Qb7 {[%clk 0:27:20]} 19. b3 {[%clk 0:53:57]} Nxb3+
{[%clk 0:24:49]} 20. cxb3 {[%clk 0:54:17]} Qxb3 {[%clk 0:25:17]} 21. Rdg1
{[%clk 0:48:38]} Bf6 {[%clk 0:24:06]} 22. Nb5 {[%clk 0:24:52]} axb5 23. gxf7+
{[%clk 0:23:18]} Kxf7 {[%clk 0:21:35]} 24. Bd4 {[%clk 0:23:16]} Bd7
{[%clk 0:20:41]} 25. Bb2 {[%clk 0:20:22]} Rhc8+ {[%clk 0:18:58]} 26. Kb1
{[%clk 0:20:39]} Ra8 {[%clk 0:19:12]} 27. Bc4 {[%clk 0:17:55]} Rxc4
{[%clk 0:19:05]} 28. Rxg7+ {[%clk 0:15:39]} Bxg7 {[%clk 0:18:27]} 29. Qf4+
{[%clk 0:15:49]} Ke8 {[%clk 0:18:40]} 30. Rh2 {[%clk 0:15:21]} Qa2#
{[%clk 0:18:56]} 0-1

[Event "WYCC Girls 12"]
[Site "Porto Carras"]
[Date "2015.10.31"]
[Round "6.12"]
[White "Majoros, Rozsa"]
[Black "Lkhagvadolgor, Serchinbal"]
[Result "1-0"]
[BlackElo "1510"]
[WhiteElo "1826"]
[LiveChessVersion "1.4.6"]

1. d4 {[%clk 1:30:51]} Nf6 {[%clk 1:30:52]} 2. Nf3 {[%clk 1:31:08]} e6
{[%clk 1:31:16]} 3. c4 {[%clk 1:31:28]} d5 {[%clk 1:31:42]} 4. Nc3
{[%clk 1:31:35]} h6 {[%clk 1:32:06]} 5. Bf4 {[%clk 1:27:49]} Bd6 {[%clk 1:29:30]}
6. Bxd6 {[%clk 1:24:55]} Qxd6 {[%clk 1:29:19]} 7. g3 {[%clk 1:21:17]} O-O
{[%clk 1:26:56]} 8. Bg2 {[%clk 1:21:19]} c6 {[%clk 1:24:51]} 9. O-O
{[%clk 1:18:00]} Nbd7 {[%clk 1:21:26]} 10. b3 {[%clk 1:14:42]} b6
{[%clk 1:12:15]} 11. Qc2 {[%clk 1:09:40]} Bb7 {[%clk 1:05:59]} 12. e4
{[%clk 1:04:35]} dxe4 {[%clk 0:58:34]} 13. Nxe4 {[%clk 1:04:46]} Nxe4
{[%clk 0:56:16]} 14. Qxe4 {[%clk 1:05:00]} Nf6 {[%clk 0:55:36]} 15. Qe5
{[%clk 1:01:41]} Rfd8 {[%clk 0:46:39]} 16. Rad1 {[%clk 0:59:26]} Rd7
{[%clk 0:37:45]} 17. Qxd6 {[%clk 0:56:21]} Rxd6 {[%clk 0:38:08]} 18. c5
{[%clk 0:56:18]} Rdd8 {[%clk 0:37:35]} 19. Ne5 {[%clk 0:55:07]} Nd5
{[%clk 0:37:46]} 20. Rd2 {[%clk 0:45:51]} f6 {[%clk 0:30:00]} 21. Nc4
{[%clk 0:45:26]} Ba6 {[%clk 0:28:40]} 22. Re1 {[%clk 0:44:44]} bxc5
{[%clk 0:11:02]} 23. Rxe6 {[%clk 0:39:10]} Nb6 {[%clk 0:08:12]} 24. Nxb6
{[%clk 0:36:43]} axb6 {[%clk 0:08:35]} 25. Rxc6 {[%clk 0:36:45]} Bb7
{[%clk 0:06:06]} 26. Rxb6 {[%clk 0:35:37]} Bxg2 {[%clk 0:06:29]} 27. Kxg2
{[%clk 0:35:55]} Rxd4 {[%clk 0:06:29]} 28. Rc2 {[%clk 0:34:25]} Ra5
{[%clk 0:05:45]} 29. a4 {[%clk 0:33:29]} Rd3 {[%clk 0:04:44]} 30. Rb7
{[%clk 0:31:48]} Rd4 {[%clk 0:03:22]} 31. Re2 {[%clk 0:29:08]} c4
{[%clk 0:03:11]} 32. bxc4 {[%clk 0:27:18]} Rxc4 {[%clk 0:03:24]} 33. Ree7
{[%clk 0:27:34]} Rg4 {[%clk 0:03:19]} 34. h3 {[%clk 0:26:24]} Rgg5
{[%clk 0:02:17]} 35. Ra7 {[%clk 0:25:10]} Rxa7 {[%clk 0:02:14]} 36. Rxa7
{[%clk 0:25:29]} Rc5 {[%clk 0:02:23]} 37. Kf3 {[%clk 0:24:27]} Rc2
{[%clk 0:02:40]} 38. a5 {[%clk 0:24:09]} Ra2 {[%clk 0:03:04]} 39. a6
{[%clk 0:24:11]} Ra4 {[%clk 0:02:51]} 40. Ke3 {[%clk 0:53:19]} Kh7
{[%clk 0:32:35]} 41. Kd3 {[%clk 0:52:33]} Ra2 {[%clk 0:32:28]} 42. Kc4
{[%clk 0:43:12]} Rxf2 {[%clk 0:32:46]} 43. Rd7 {[%clk 0:42:54]} Rc2+
{[%clk 0:32:13]} 44. Kb5 {[%clk 0:40:29]} Rc3 {[%clk 0:30:31]} 45. Rd4
{[%clk 0:34:55]} Re3 {[%clk 0:29:38]} 46. Ra4 {[%clk 0:34:05]} Rb3+
{[%clk 0:28:24]} 47. Kc4 {[%clk 0:33:49]} Rb8 {[%clk 0:28:12]} 48. a7
{[%clk 0:33:14]} Ra8 {[%clk 0:28:41]} 49. Kb5 {[%clk 0:33:23]} f5
{[%clk 0:28:01]} 50. Kb6 {[%clk 0:33:36]} g5 {[%clk 0:28:10]} 51. Kb7
{[%clk 0:33:46]} Rg8 {[%clk 0:28:35]} 52. a8=Q {[%clk 0:33:02]} Rxa8
{[%clk 0:29:00]} 53. Kxa8 {[%clk 0:31:02]} Kg6 {[%clk 0:28:49]} 54. Kb7
{[%clk 0:30:14]} Kf6 {[%clk 0:28:11]} 55. Ra6+ {[%clk 0:28:42]} Ke5
{[%clk 0:28:24]} 56. Rxh6 {[%clk 0:28:37]} f4 {[%clk 0:28:46]} 57. gxf4+
{[%clk 0:28:33]} gxf4 {[%clk 0:28:57]} 58. Rh8 {[%clk 0:28:03]} Kf5
{[%clk 0:29:05]} 59. Rf8+ {[%clk 0:28:12]} Kg5 {[%clk 0:29:14]} 60. Kc6
{[%clk 0:27:49]} 1-0

[Event "WYCC Girls 12"]
[Site "Porto Carras"]
[Date "2015.11.01"]
[Round "7.1"]
[White "Salimova, Nurgyul"]
[Black "Yip, Carissa"]
[Result "1-0"]
[BlackElo "2007"]
[WhiteElo "2144"]
[LiveChessVersion "1.4.6"]

1. d4 {[%clk 1:30:57]} Nf6 {[%clk 1:30:49]} 2. Nf3 {[%clk 1:31:20]} g6
{[%clk 1:31:01]} 3. g3 {[%clk 1:31:43]} Bg7 {[%clk 1:31:07]} 4. Bg2
{[%clk 1:32:07]} O-O {[%clk 1:31:30]} 5. O-O {[%clk 1:32:34]} d6 {[%clk 1:31:54]}
6. c4 {[%clk 1:32:55]} Nc6 {[%clk 1:32:19]} 7. Nc3 {[%clk 1:29:36]} a6
{[%clk 1:32:40]} 8. e4 {[%clk 1:26:57]} Bg4 {[%clk 1:31:19]} 9. Be3
{[%clk 1:23:47]} e5 {[%clk 1:30:20]} 10. d5 {[%clk 1:21:55]} Ne7 {[%clk 1:29:49]}
11. Qc1 {[%clk 1:18:39]} Bd7 {[%clk 1:24:03]} 12. Ne1 {[%clk 1:06:42]} Ng4
{[%clk 1:23:22]} 13. Bg5 {[%clk 1:05:51]} f6 {[%clk 1:22:07]} 14. Bd2
{[%clk 1:05:41]} f5 {[%clk 1:22:22]} 15. Nd3 {[%clk 1:05:29]} Nf6
{[%clk 1:14:13]} 16. f4 {[%clk 0:55:02]} fxe4 {[%clk 1:12:29]} 17. Nxe4
{[%clk 0:53:43]} Nxe4 {[%clk 1:09:12]} 18. Bxe4 {[%clk 0:54:10]} Bf5
{[%clk 1:06:00]} 19. Bxf5 {[%clk 0:44:29]} Nxf5 {[%clk 1:04:57]} 20. fxe5
{[%clk 0:36:15]} Nd4 {[%clk 1:04:19]} 21. Qd1 {[%clk 0:32:39]} dxe5
{[%clk 1:03:37]} 22. Bc3 {[%clk 0:23:51]} Rxf1+ {[%clk 0:55:53]} 23. Kxf1
{[%clk 0:16:38]} Nf5 {[%clk 0:44:30]} 24. Qe2 {[%clk 0:15:57]} Qf8
{[%clk 0:38:35]} 25. Kg2 {[%clk 0:15:19]} e4 {[%clk 0:35:13]} 26. Bxg7
{[%clk 0:11:34]} Kxg7 {[%clk 0:25:38]} 27. Nf4 {[%clk 0:11:11]} Qb4
{[%clk 0:25:45]} 28. Ne6+ {[%clk 0:10:21]} Kg8 {[%clk 0:26:10]} 29. b3
{[%clk 0:09:00]} Qc3 {[%clk 0:12:18]} 30. Re1 {[%clk 0:08:41]} e3
{[%clk 0:12:18]} 31. g4 {[%clk 0:07:06]} Nd4 {[%clk 0:05:37]} 32. Qxe3
{[%clk 0:06:21]} Qxe3 {[%clk 0:04:14]} 33. Rxe3 {[%clk 0:06:50]} Nxe6
{[%clk 0:04:42]} 34. Rxe6 {[%clk 0:06:58]} Kf7 {[%clk 0:05:06]} 35. g5
{[%clk 0:06:14]} a5 {[%clk 0:04:19]} 36. a4 {[%clk 0:05:50]} Rd8 {[%clk 0:02:33]}
37. Kf3 {[%clk 0:05:39]} Rd7 {[%clk 0:01:07]} 38. Ke4 {[%clk 0:05:43]} Kg7
{[%clk 0:00:50]} 39. c5 {[%clk 0:05:12]} Kf7 {[%clk 0:00:46]} 40. Ke5
{[%clk 0:34:56]} Rd8 {[%clk 0:31:08]} 41. d6 {[%clk 0:34:52]} Rd7
{[%clk 0:27:42]} 42. Rf6+ {[%clk 0:35:06]} Ke8 {[%clk 0:27:49]} 43. Ke6
{[%clk 0:35:00]} cxd6 {[%clk 0:27:32]} 44. cxd6 {[%clk 0:35:18]} Rg7
{[%clk 0:27:36]} 45. d7+ {[%clk 0:33:53]} Rxd7 {[%clk 0:28:00]} 46. Rf8+
{[%clk 0:34:18]} Kxf8 {[%clk 0:27:52]} 47. Kxd7 {[%clk 0:34:47]} Kf7
{[%clk 0:27:43]} 48. Kc7 {[%clk 0:35:11]} Ke6 {[%clk 0:27:59]} 49. Kxb7
{[%clk 0:35:33]} Kf5 {[%clk 0:28:25]} 50. Kb6 {[%clk 0:35:44]} Kxg5
{[%clk 0:28:51]} 51. Kxa5 {[%clk 0:36:06]} Kg4 {[%clk 0:28:52]} 52. b4
{[%clk 0:36:00]} Kh3 {[%clk 0:29:07]} 53. b5 Kxh2 {[%clk 0:29:31]} 54. b6
{[%clk 0:36:52]} g5 {[%clk 0:29:58]} 55. b7 {[%clk 0:37:19]} g4 {[%clk 0:30:20]}
56. b8=Q+ {[%clk 0:37:43]} g3 {[%clk 0:30:46]} 57. Qh8 {[%clk 0:37:42]} g2
{[%clk 0:31:06]} 58. Qxh7+ {[%clk 0:38:07]} Kg1 {[%clk 0:31:30]} 59. Kb4
{[%clk 0:38:27]} Kf1 {[%clk 0:31:55]} 60. Qf5+ {[%clk 0:38:47]} Ke1
{[%clk 0:32:15]} 61. Qe4+ {[%clk 0:39:12]} Kf2 {[%clk 0:32:40]} 62. Qxg2+
{[%clk 0:39:18]} Kxg2 {[%clk 0:32:59]} 63. a5 {[%clk 0:39:45]} 1-0

[Event "WYCC Girls 12"]
[Site "Porto Carras"]
[Date "2015.11.01"]
[Round "7.2"]
[White "Duran, Esma Doga"]
[Black "Harazinska, Magdalena"]
[Result "1-0"]
[BlackElo "1761"]
[WhiteElo "1876"]
[LiveChessVersion "1.4.6"]

1. d4 {[%clk 1:30:58]} d5 {[%clk 1:30:43]} 2. Nf3 {[%clk 1:31:21]} Bf5
{[%clk 1:30:40]} 3. e3 {[%clk 1:30:47]} e6 {[%clk 1:30:40]} 4. Bd3
{[%clk 1:30:55]} Bg6 {[%clk 1:29:39]} 5. O-O {[%clk 1:30:59]} Bd6
{[%clk 1:29:08]} 6. b3 {[%clk 1:31:05]} c6 {[%clk 1:28:16]} 7. Bb2
{[%clk 1:30:48]} Nf6 {[%clk 1:27:51]} 8. c4 {[%clk 1:30:01]} O-O {[%clk 1:24:15]}
9. Nc3 {[%clk 1:27:50]} Nbd7 {[%clk 1:20:01]} 10. Qc2 {[%clk 1:20:51]} Bh5
{[%clk 1:09:58]} 11. e4 {[%clk 1:11:32]} Bxf3 {[%clk 1:02:16]} 12. e5
{[%clk 1:02:06]} Nh5 {[%clk 0:45:00]} 13. gxf3 {[%clk 0:53:48]} Bc7
{[%clk 0:32:10]} 14. Bxh7+ {[%clk 0:48:46]} Kh8 {[%clk 0:32:39]} 15. Bd3
{[%clk 0:34:56]} f6 {[%clk 0:27:06]} 16. cxd5 {[%clk 0:28:06]} fxe5
{[%clk 0:19:25]} 17. dxe6 {[%clk 0:25:40]} exd4 {[%clk 0:18:13]} 18. Ne4
{[%clk 0:24:55]} Rxf3 {[%clk 0:10:04]} 19. exd7 {[%clk 0:17:09]} Bxh2+
{[%clk 0:08:48]} 20. Kg2 {[%clk 0:15:08]} Rxd3 {[%clk 0:04:27]} 21. Bc1
{[%clk 0:11:33]} Rh3 {[%clk 0:01:12]} 22. Kxh3 {[%clk 0:11:18]} Qxd7+
{[%clk 0:01:26]} 23. Kxh2 {[%clk 0:11:19]} d3 {[%clk 0:01:20]} 24. Qd1
{[%clk 0:10:57]} Qf5 {[%clk 0:01:09]} 25. Ng3 {[%clk 0:10:21]} Nxg3
{[%clk 0:01:14]} 26. fxg3 {[%clk 0:10:37]} Qh7+ {[%clk 0:01:38]} 27. Kg2
{[%clk 0:10:48]} Qe4+ {[%clk 0:01:58]} 28. Qf3 {[%clk 0:11:01]} Qe3 1-0

[Event "WYCC Girls 12"]
[Site "Porto Carras"]
[Date "2015.11.01"]
[Round "7.3"]
[White "Lakshmi, C"]
[Black "Salonika, Saina"]
[Result "0-1"]
[BlackElo "1858"]
[WhiteElo "1733"]
[LiveChessVersion "1.4.6"]

1. e4 {[%clk 1:29:57]} c5 {[%clk 1:30:17]} 2. Nf3 {[%clk 1:30:02]} d6
{[%clk 1:30:13]} 3. d4 {[%clk 1:29:51]} cxd4 {[%clk 1:29:49]} 4. Nxd4
{[%clk 1:30:14]} Nf6 {[%clk 1:30:14]} 5. Nc3 {[%clk 1:30:35]} g6 {[%clk 1:30:36]}
6. Be3 {[%clk 1:30:39]} Bg7 {[%clk 1:30:38]} 7. f3 {[%clk 1:31:00]} O-O
{[%clk 1:30:54]} 8. Qd2 {[%clk 1:31:22]} Nc6 {[%clk 1:31:10]} 9. Bc4
{[%clk 1:31:48]} Bd7 {[%clk 1:31:15]} 10. O-O-O {[%clk 1:32:13]} Rb8
{[%clk 1:31:26]} 11. Bb3 {[%clk 1:32:16]} Na5 {[%clk 1:31:42]} 12. Bh6
{[%clk 1:32:21]} Bxh6 {[%clk 1:31:51]} 13. Qxh6 {[%clk 1:32:36]} b5
{[%clk 1:32:09]} 14. h4 {[%clk 1:30:13]} e5 {[%clk 1:32:15]} 15. Nde2
{[%clk 1:29:45]} b4 {[%clk 1:30:11]} 16. Nd5 {[%clk 1:27:22]} Nxb3+
{[%clk 1:29:46]} 17. axb3 {[%clk 1:21:25]} Nxd5 {[%clk 1:28:34]} 18. Rxd5
{[%clk 1:21:39]} Rb6 {[%clk 1:28:53]} 19. Rhd1 {[%clk 1:08:25]} Be6
{[%clk 1:20:38]} 20. R5d3 {[%clk 1:00:03]} Qc7 {[%clk 1:17:12]} 21. Qd2
{[%clk 0:42:16]} Rc8 {[%clk 1:15:31]} 22. Kb1 {[%clk 0:35:28]} Ra6
{[%clk 1:11:18]} 23. Nc1 {[%clk 0:29:55]} Qa5 {[%clk 1:04:54]} 24. c3
{[%clk 0:24:50]} Qa1+ {[%clk 0:52:52]} 25. Kc2 {[%clk 0:24:53]} Rac6
{[%clk 0:52:53]} 26. h5 {[%clk 0:11:20]} a5 {[%clk 0:43:20]} 27. h6
{[%clk 0:10:02]} a4 {[%clk 0:41:32]} 28. Rxd6 {[%clk 0:07:51]} axb3+
{[%clk 0:41:26]} 29. Nxb3 {[%clk 0:07:44]} Rxc3+ {[%clk 0:41:39]} 30. Qxc3
{[%clk 0:02:59]} Rxc3+ {[%clk 0:42:01]} 31. bxc3 {[%clk 0:03:15]} Qxc3+
{[%clk 0:42:27]} 32. Kb1 {[%clk 0:03:39]} Qxb3+ {[%clk 0:42:53]} 33. Kc1
{[%clk 0:04:00]} Qe3+ {[%clk 0:42:41]} 34. Kb2 {[%clk 0:03:21]} Qxh6
{[%clk 0:42:43]} 35. Rd8+ {[%clk 0:02:33]} Kg7 {[%clk 0:43:09]} 36. Rb8
{[%clk 0:02:51]} b3 {[%clk 0:43:34]} 37. Rd3 {[%clk 0:02:10]} Qh1
{[%clk 0:43:50]} 38. Rd2 {[%clk 0:02:20]} Qe1 {[%clk 0:44:12]} 39. Rbd8
{[%clk 0:02:36]} Qe3 {[%clk 0:44:27]} 40. R8d6 {[%clk 0:32:52]} Qa7
{[%clk 1:14:40]} 41. Kb1 {[%clk 0:33:10]} Qa3 {[%clk 1:14:46]} 42. R6d3
{[%clk 0:33:02]} Bc4 {[%clk 1:15:10]} 43. Rc3 {[%clk 0:26:50]} Qa5
{[%clk 1:15:09]} 44. Rcc2 {[%clk 0:23:11]} bxc2+ {[%clk 1:15:27]} 45. Rxc2
{[%clk 0:23:38]} Bd3 {[%clk 1:15:53]} 46. Kc1 {[%clk 0:23:53]} Bxc2
{[%clk 1:16:19]} 47. Kxc2 {[%clk 0:24:21]} Qa2+ {[%clk 1:16:44]} 48. Kc3
{[%clk 0:24:37]} Qxg2 {[%clk 1:17:09]} 49. Kc4 {[%clk 0:24:46]} h5
{[%clk 1:17:35]} 50. Kd5 {[%clk 0:25:13]} h4 {[%clk 1:18:01]} 51. Kxe5
{[%clk 0:25:39]} h3 {[%clk 1:18:28]} 52. Kd4 {[%clk 0:25:11]} h2 {[%clk 1:18:53]}
53. Ke5 {[%clk 0:25:26]} h1=Q {[%clk 1:19:18]} 54. Kd4 {[%clk 0:25:50]} Qd1+
{[%clk 1:19:34]} 55. Ke5 {[%clk 0:25:34]} Qg5# {[%clk 1:20:00]} 0-1

[Event "WYCC Girls 12"]
[Site "Porto Carras"]
[Date "2015.11.01"]
[Round "7.4"]
[White "Asadi, Motahare"]
[Black "Tan, Huynh Thanh Truc"]
[Result "0-1"]
[BlackElo "1676"]
[WhiteElo "1780"]
[LiveChessVersion "1.4.6"]

1. d4 {[%clk 1:30:20]} Nf6 {[%clk 1:29:21]} 2. Nf3 {[%clk 1:30:22]} e6
{[%clk 1:28:01]} 3. c4 {[%clk 1:30:41]} b6 {[%clk 1:28:00]} 4. g3
{[%clk 1:31:03]} Bb7 {[%clk 1:27:15]} 5. Bg2 {[%clk 1:31:15]} Be7
{[%clk 1:25:14]} 6. O-O {[%clk 1:31:24]} O-O {[%clk 1:24:36]} 7. Re1
{[%clk 1:31:30]} Na6 {[%clk 1:20:29]} 8. Nc3 {[%clk 1:29:27]} Ne4
{[%clk 1:18:13]} 9. Ng5 {[%clk 1:17:10]} Nxc3 {[%clk 1:15:42]} 10. Qc2
{[%clk 1:14:28]} Bxg5 {[%clk 1:15:51]} 11. Bxg5 {[%clk 1:14:28]} Qxg5
{[%clk 1:15:59]} 12. Bxb7 {[%clk 1:14:51]} Nxa2 {[%clk 1:15:41]} 13. Bxa8
{[%clk 1:13:08]} N6b4 {[%clk 1:11:18]} 14. Qe4 {[%clk 1:13:13]} f5
{[%clk 1:01:33]} 15. Qb7 {[%clk 0:41:40]} Qd8 {[%clk 0:59:35]} 16. Red1
{[%clk 0:36:47]} Qxa8 {[%clk 0:50:41]} 17. Qxc7 {[%clk 0:37:02]} Qc6
{[%clk 0:51:01]} 18. Qxc6 {[%clk 0:36:00]} dxc6 {[%clk 0:51:25]} 19. e3
{[%clk 0:35:29]} Kf7 {[%clk 0:42:31]} 20. Rd2 {[%clk 0:35:47]} a5
{[%clk 0:41:39]} 21. f3 {[%clk 0:29:11]} a4 {[%clk 0:37:18]} 22. e4
{[%clk 0:28:35]} Rc8 {[%clk 0:31:24]} 23. Kf2 {[%clk 0:28:18]} b5
{[%clk 0:27:11]} 24. c5 {[%clk 0:28:18]} g6 {[%clk 0:27:19]} 25. g4
{[%clk 0:27:12]} f4 26. g5 Ra8 {[%clk 0:19:50]} 27. Kg2 {[%clk 0:25:48]} a3
{[%clk 0:19:02]} 28. Kh3 {[%clk 0:26:05]} axb2 {[%clk 0:11:16]} 29. Rxb2
{[%clk 0:26:23]} Ra4 {[%clk 0:11:41]} 30. Kg4 {[%clk 0:26:20]} Ke7
{[%clk 0:10:07]} 31. h4 {[%clk 0:23:47]} Kf7 {[%clk 0:04:08]} 32. h5
{[%clk 0:23:54]} gxh5+ {[%clk 0:03:17]} 33. Kxh5 {[%clk 0:24:17]} Kg7
{[%clk 0:03:24]} 34. e5 {[%clk 0:24:33]} Ra6 {[%clk 0:02:55]} 35. Kg4
{[%clk 0:22:17]} Nc3 {[%clk 0:01:24]} 36. Rxa6 {[%clk 0:22:40]} Nxa6
{[%clk 0:01:47]} 37. Kxf4 {[%clk 0:22:50]} Nc7 38. Kg4 {[%clk 0:20:53]} N7d5
{[%clk 0:01:33]} 39. f4 {[%clk 0:21:05]} Kg6 {[%clk 0:01:27]} 40. Rb3
{[%clk 0:50:23]} b4 {[%clk 0:31:32]} 41. Kf3 {[%clk 0:50:19]} Kf5
{[%clk 0:31:16]} 42. Rb2 {[%clk 0:50:09]} Nb5 {[%clk 0:29:57]} 43. Kg3
{[%clk 0:48:23]} Nxd4 {[%clk 0:29:39]} 44. Rd2 {[%clk 0:47:53]} Nxf4
{[%clk 0:22:17]} 45. Rb2 {[%clk 0:47:41]} Nd5 {[%clk 0:21:47]} 46. Kh4
{[%clk 0:41:40]} Nf3+ {[%clk 0:19:52]} 47. Kh5 {[%clk 0:41:41]} Nxg5
{[%clk 0:19:50]} 48. Rf2+ {[%clk 0:42:06]} Nf4+ {[%clk 0:19:58]} 49. Kh6
{[%clk 0:42:32]} Ne4 {[%clk 0:19:49]} 50. Rb2 {[%clk 0:42:51]} Nd5
{[%clk 0:20:05]} 51. Kxh7 {[%clk 0:42:51]} Kxe5 {[%clk 0:20:13]} 0-1

[Event "WYCC Girls 12"]
[Site "Porto Carras"]
[Date "2015.11.01"]
[Round "7.5"]
[White "Berdnyk, Mariia"]
[Black "Nurgali, Nazerke"]
[Result "1/2-1/2"]
[BlackElo "1841"]
[WhiteElo "1822"]
[LiveChessVersion "1.4.6"]

1. e4 {[%clk 1:30:57]} c5 {[%clk 1:30:43]} 2. Nf3 {[%clk 1:31:22]} Nc6
{[%clk 1:30:55]} 3. Bb5 {[%clk 1:31:11]} e6 {[%clk 1:30:27]} 4. O-O
{[%clk 1:31:12]} Nge7 {[%clk 1:30:12]} 5. d4 {[%clk 1:30:32]} cxd4
{[%clk 1:29:00]} 6. Nxd4 {[%clk 1:30:49]} a6 {[%clk 1:11:36]} 7. Nxc6
{[%clk 1:24:55]} Nxc6 {[%clk 1:11:04]} 8. Be2 {[%clk 1:20:42]} Bc5
{[%clk 1:09:12]} 9. c4 {[%clk 1:17:17]} O-O {[%clk 1:04:53]} 10. Nc3
{[%clk 1:15:51]} d6 {[%clk 1:01:28]} 11. Be3 {[%clk 1:11:27]} Qc7
{[%clk 0:56:13]} 12. Bxc5 {[%clk 1:00:52]} dxc5 {[%clk 0:56:26]} 13. f4
{[%clk 1:00:52]} Nd4 {[%clk 0:54:37]} 14. Bd3 {[%clk 0:54:44]} b6
{[%clk 0:52:01]} 15. e5 {[%clk 0:50:10]} Bb7 {[%clk 0:49:35]} 16. Qh5
{[%clk 0:43:48]} f5 {[%clk 0:43:44]} 17. exf6 {[%clk 0:42:20]} gxf6
{[%clk 0:44:02]} 18. Be4 {[%clk 0:39:21]} f5 {[%clk 0:42:14]} 19. Bxb7
{[%clk 0:39:23]} Qxb7 {[%clk 0:42:26]} 20. Rad1 {[%clk 0:34:08]} Kh8
{[%clk 0:39:17]} 21. Ne2 {[%clk 0:31:54]} Rg8 {[%clk 0:37:34]} 22. Rf2
{[%clk 0:31:15]} Rad8 {[%clk 0:32:28]} 23. Nxd4 {[%clk 0:28:23]} Rxd4
{[%clk 0:28:54]} 24. Rxd4 {[%clk 0:25:12]} cxd4 {[%clk 0:29:16]} 25. Qh6
{[%clk 0:24:42]} Qe7 {[%clk 0:27:50]} 26. Rd2 {[%clk 0:23:16]} Rd8
{[%clk 0:25:01]} 27. Qh3 {[%clk 0:21:44]} Qf6 {[%clk 0:22:11]} 28. Qd3
{[%clk 0:17:39]} Qe7 {[%clk 0:14:59]} 29. Re2 {[%clk 0:16:41]} Qd6
{[%clk 0:15:12]} 30. Re5 {[%clk 0:15:29]} Rc8 {[%clk 0:14:34]} 31. g3
{[%clk 0:14:32]} Kg7 {[%clk 0:13:58]} 32. a3 {[%clk 0:13:24]} Kf6
{[%clk 0:12:49]} 33. b4 {[%clk 0:12:42]} Rd8 {[%clk 0:09:57]} 34. Kf2
{[%clk 0:09:05]} Qc6 {[%clk 0:09:12]} 35. Kg1 {[%clk 0:07:13]} Rd6
{[%clk 0:08:45]} 36. g4 {[%clk 0:06:28]} Rd7 {[%clk 0:07:40]} 37. g5+
{[%clk 0:06:03]} Kg6 {[%clk 0:07:35]} 38. Qh3 {[%clk 0:04:38]} d3
{[%clk 0:05:48]} 39. Qh6+ {[%clk 0:04:55]} Kf7 {[%clk 0:06:06]} 40. Qf6+
{[%clk 0:34:18]} Kg8 {[%clk 0:34:41]} 41. Rxe6 {[%clk 0:33:22]} Qc8
{[%clk 0:34:05]} 42. Qe5 {[%clk 0:33:01]} Qxc4 {[%clk 0:28:12]} 43. Qb8+
{[%clk 0:22:33]} Kg7 {[%clk 0:28:09]} 44. Qe5+ {[%clk 0:22:16]} Kg8
{[%clk 0:27:33]} 45. Qb8+ {[%clk 0:16:36]} Kg7 {[%clk 0:27:45]} 46. Qe5+
{[%clk 0:16:15]} Kg8 {[%clk 0:27:49]} 1/2-1/2